Knockout frist certificate : Workbook

Đã lưu trong:
Bibliografiske detaljer
Format: Bog
Sprog:Undetermined
Udgivet: Oxford Oxford University Press 1999
Fag:
Tags: Tilføj Tag
Ingen Tags, Vær først til at tagge denne postø!
Thư viện lưu trữ: Trung tâm Học liệu Trường Đại học Cần Thơ
LEADER 00522nam a2200181Ia 4500
001 CTU_120824
008 210402s9999 xx 000 0 und d
082 |a 428.34 
082 |b K72w 
245 0 |a Knockout frist certificate : 
245 0 |b Workbook 
260 |a Oxford 
260 |b Oxford University Press 
260 |c 1999 
650 |a English language,English language 
650 |x Study and teaching,Textbooks for foreign speakers 
904 |i M.Loan 
980 |a Trung tâm Học liệu Trường Đại học Cần Thơ